000 00437nam a2200181Ia 4500
001 16713
005 20260306170331.0
008 260306t2012||||xx |||||||||||||| ||und||
041 _aESP
082 _a349.7
_bB88
100 _aBueno Salinas, Santiago
_eAUT
245 0 _aTratado general de derecho canónico
260 _c2012
300 _a476 páginas :
_c24 cm.
650 _aGEN
654 _aCDE
942 _cLIB
_dJUS
_fJUS
_2ddc
_n
999 _c16713
_d16713